| 000 | 00434nam a22001577a 4500 | ||
|---|---|---|---|
| 003 | OSt | ||
| 008 | 150407b xxu||||| |||| 00| 0 eng d | ||
| 100 | 1 | _aBrian M. Green | |
| 020 | _a0-911989-12-9 | ||
| 041 | _aeng | ||
| 050 | 0 | 0 | _a83-061747 |
| 245 | 1 | 0 | _aThe Confederate States two-cent Red-Jack intaglio stamp |
| 246 | 1 | 0 | _athe postage stamp and its postal history |
| 260 |
_aNew York _bThe Philatelic Foundation |
||
| 300 | _a0 pages | ||
| 999 |
_c1187 _d1187 |
||